01043 2200349 4500001002100000005001500021035002000036007000300056040001700059100002800076245011400104250001000218300003100228020002200259041000800281082000800289084001400297090002200311264003700333336002100370337003000391338002300421650003700444850001000481008004100491700003500532504002600567990002500593990002500618990002500643990002500668INLIS00000000000954820260420082100 a0010-1222000153ta aSBPUPADbind0 aAsti Musman:ePengarang1 aSepuluh Filosofi Hidup Girang Jawa Kunci Sukses Bahagia Lahir Batin /cAsti Musman:Editor:Redaksi Shira Media aCet.1 a228 hlm. :bilus. ;c14 cm a978-602-1142-10-30 aind a180 a180 AST s a745.5 EVI a T15-4 aYogyakarta :bShira Media,c2015 2rdacontentateks 2rdamediaatanpa perantara 2rdacarrieravolume 4aKunci Sukses Bahagia Lahir Batin aPUPAD260420 0  aRedaksi Shira MediaePengarang abibiliografi, hlm 221 a32.192/APBD/DPK/2019 a32.193/APBD/DPK/2019 a32.191/APBD/DPK/2019 a32.194/APBD/DPK/2019